000 00806nam a22002417a 4500
999 _c21265
_d21265
003 AR-CdUCM
008 190320b ||||| |||| 00| 0 spa d
040 _aMUNICIPALIDAD PROVINCIAL DEL CUSCO
_cBIBLIOTECA MUNICIPAL DEL CUSCO
082 _a512/C23A
_bC23A
100 _aCallo Gutiérrez, Wilian
_944422
245 _aÁlgebra para todos /
260 _aCusco ;
_bSan Juan,
_c2017.
300 _a580 Páginas. :
_c20 cm.
440 _aColección Leónidas
_944423
505 _aContenido: Polinomios -- Productos notables -- División de polinomios -- Factorización -- Radicación.
650 _aPolinomios
_921718
650 _aÁlgebra
_944424
650 _aProductos notables
_944425
650 _aFactorización
_940250
650 _aRadicación
_944426
942 _2ddc
_cLIBROS
945 _aRoel